Plantation and agri- horticultural resources of Kerala (Record no. 360404)
[ view plain ]
| 000 -LEADER | |
|---|---|
| fixed length control field | 004720000a22001690004500 |
| 060 ## - NATIONAL LIBRARY OF MEDICINE CALL NUMBER | |
| Classification number | 100 |
| 082 ## - DEWEY DECIMAL CLASSIFICATION NUMBER | |
| Classification number | 633.009 548 3 NAI |
| 100 ## - MAIN ENTRY--PERSONAL NAME | |
| Personal name | Nair, P K K |
| 245 ## - TITLE STATEMENT | |
| Title | Plantation and agri- horticultural resources of Kerala |
| 260 ## - PUBLICATION, DISTRIBUTION, ETC. (IMPRINT) | |
| Place of publication, distribution, etc. | New Delhi, Today & Tomorrow s printers & Publishers |
| 260 ## - PUBLICATION, DISTRIBUTION, ETC. (IMPRINT) | |
| Date of publication, distribution, etc. | 1984 |
| 300 ## - PHYSICAL DESCRIPTION | |
| Extent | 105 |
| 490 ## - SERIES STATEMENT | |
| Series statement | Aspects of plant sciences |
| 490 ## - SERIES STATEMENT | |
| Series statement | V. 7 |
| -- | Aspects of plant sciences |
| 650 ## - SUBJECT ADDED ENTRY--TOPICAL TERM | |
| Topical term or geographic name as entry element | Plantation resources Kerala |
| 942 ## - ADDED ENTRY ELEMENTS (KOHA) | |
| Koha item type | Books (General) |
| Withdrawn status | Lost status | Damaged status | Not for loan | Home library | Current library | Date acquired | Total Checkouts | Full call number | Barcode | Date last seen | Price effective from | Koha item type |
|---|---|---|---|---|---|---|---|---|---|---|---|---|
| College of Agriculture, Vellayani | College of Agriculture, Vellayani | 02/05/2014 | 633.009 548 3 NAI | KAU_COAV-21293 | 02/05/2014 | 02/05/2014 | Books (General) |
